000 00492nam a2200145Ia 4500
008 231129s1992||||xx |||||||||||||| ||spa||
020 _a958-9205-00-3
040 _bspa
082 _a581.092861 M291f
100 _aMantilla R. Luis Carlos
245 0 _aFray Diego Garcí­a su vida y su obra cientí­fica en la expedición botánica
260 _c1992
264 _aAcademia colombiana de ciencias exactas fí­sicas y naturales
942 _2ddc
_cBKS
999 _c14170
_d14170